Villains by Letter-I - Statistics

General Stats
  • This quiz has been taken 36 times
  • The average score is 6 of 12
Answer Stats
Picture Answer % Correct
Ivan Drago
89%
Iago
75%
Invisible Man
75%
Iron Monger
75%
Imhotep
57%
IG-88
43%
Ian Howe
32%
Igor Loginov
25%
Inque
25%
Irina Spalko
21%
Inferno
18%
Irma Bunt
18%
No matching quizzes found
Score Distribution
Percent of People with Each Score
Percentile by Number Answered
Your Score History
You have not taken this quiz